Surprising Facts fill in the blank Quiz Stats

 Plays Quiz not verified by Sporcle

Score 0/12 Timer 04:00
0 Plays Today
Question Answer Wrong Answers
_____ while cutting an onion will help you keep from crying. Chewing gum
80%
Singing
5.2%
Sitting down
7.8%
Listening to music
1.7%
_____ hold hands when they sleep so they don't drift apart. Sea otters
75.7%
Squid
11.3%
Chimpanzees
7%
Bats
2.6%
Al Capone's business card said he was a ______. used furniture dealer
59.1%
mechanic
9.6%
stand up comedian
8.7%
plumber
19.1%
___% of the worlds population is left handed. 10
55.7%
25
17.4%
5
15.7%
2
6.1%
Men are _____ times more likely to be struck by lightning than women. 6
54.8%
2
21.7%
10
19.1%
Avocados are poisonous to _____. birds
45.2%
horses
24.3%
cows
16.5%
beavers
9.6%
Coca-cola would be _____ if coloring wasn't added. green
42.6%
clear
47%
orange
3.5%
blue
4.3%
The average person spends _____ of their lifetime waiting on a red light to turn green. 6 months
39.1%
1 month
14.8%
1 year
20.9%
2 years
21.7%
A mole can dig a tunnel that is _____ long in one night. 300 feet
36.5%
1 mile
24.3%
100 feet
16.5%
1,000 feet
19.1%
Cherophobia is the fear of ____. fun
35.7%
being healthy
12.2%
feathers
23.5%
falling out of bed
24.3%
Pirates wore earrings because they believed it ______. improved their eyesight
32.2%
gave them good luck
36.5%
kept storms away
22.6%
made them stronger
5.2%
One person in every ____ will live to be 116 years old. 2 billion
30.4%
1 million
27.8%
100 million
19.1%
1 billion
17.4%

You're not logged in!

Compare scores with friends on all Sporcle quizzes.
OR
Log In

Sporcle TV

Today on Sporcle TV


Watch our educational content, quiz creation guides, and fun videos on Sporcle TV.

Show Comments

Extras

Top Quizzes Today


Score Distribution

Your Account Isn't Verified!

In order to create a playlist on Sporcle, you need to verify the email address you used during registration. Go to your Sporcle Settings to finish the process.

Report this User

Report this user for behavior that violates our Community Guidelines.

Details: